Normes generals d'estructuració i ordenació dels Serveis d'Indústria a Catalunya : (Decret del 23 d'abril del 1934, Butlletí Oficial de la Generalitat de Catalunya del 30) (Decret del 23 d'abril del 1934, Butlletí Oficial de la Generalitat de Catalunya del 30)

Descripció física: 120 p. ; 16 cm

MARC

LEADER 00000nam a2200000Ia 4500
001 12371
008 160829s1934 xx 000 0 cat d
080 |a C-2-89 
245 |a Normes generals d'estructuració i ordenació dels Serveis d'Indústria a Catalunya :  |b  (Decret del 23 d'abril del 1934, Butlletí Oficial de la Generalitat de Catalunya del 30) 
260 |a Barcelona :  |b Generalitat de Catalunya. Departament d'Economia i Agricultura,  |c 1934 
300 |a 120 p. ;  |c 16 cm 
490 |a Publicació núm. 1 del Comité Permanent d'Indústria 
590 |a Prové de OP-5135 
650 |a Catalunya  |x Política industrial   |9 46724 
650 |a Catalunya. Generalitat. Serveis d'Indústria  |x Normes  |9 46725 
700 |a Catalunya. Departament d'Economia i Agricultura  |9 46726 
901 |a Arxiu 
942 |n 1 
952 |0 0  |1 0  |4 0  |6 C289  |7 1  |9 53410  |a Arxiu  |b Arxiu  |d 2016-12-01  |l 0  |o C-2-89  |p 12371  |r 2016-12-01 00:00:00  |w 2016-12-01  |y ARXIU 
999 |c 57276  |d 57276